| 000 | 00407nam a22001697a 4500 | ||
|---|---|---|---|
| 003 | OSt | ||
| 008 | 250115b |||||||| |||| 00| 0 eng d | ||
| 041 | _aeng | ||
| 082 | _a510.1 BHI/BA | ||
| 100 |
_aBhirud, GN _96934 |
||
| 245 | _aBasic Polytechnic Mathematics | ||
| 250 | _aFirst | ||
| 260 |
_aNew Delhi: _bDhanpat Rai & Sons, _c1984. |
||
| 300 | _a359p. | ||
| 700 |
_aSingh, Manjith _96935 |
||
| 942 | _cBK | ||
| 999 |
_c19027 _d19027 |
||